जीवन-चक्र : (Record no. 120608)

MARC details
000 -LEADER
fixed length control field 01053nam a22002537a 4500
005 - DATE AND TIME OF LATEST TRANSACTION
control field 20170124103200.0
010 ## - LIBRARY OF CONGRESS CONTROL NUMBER
LC control number B-058343
020 ## - INTERNATIONAL STANDARD BOOK NUMBER
Terms of availability 00.00
035 ## - SYSTEM CONTROL NUMBER
System control number B-058343
037 ## - SOURCE OF ACQUISITION
Source of stock number/acquisition Cen Lib/Ret
040 ## - CATALOGING SOURCE
Original cataloging agency DPL
Language of cataloging HN
082 ## - DEWEY DECIMAL CLASSIFICATION NUMBER
Classification number 239.1
Item number कृपाल
100 ## - MAIN ENTRY--PERSONAL NAME
Personal name कृपाल सिंह
9 (RLIN) 91537
245 ## - TITLE STATEMENT
Title जीवन-चक्र :
Statement of responsibility, etc कृपाल सिंह
Remainder of title कर्म और फल का नियम /
246 ## - VARYING FORM OF TITLE
Title proper/short title Jeevan-chakr : karm aur fal ka niyam /
Remainder of title by Kripal Singh
260 ## - PUBLICATION, DISTRIBUTION, ETC. (IMPRINT)
Name of publisher, distributor, etc सावन कृपाल पब्लिकेशन्स
Place of publication, distribution, etc दिल्ली
Date of publication, distribution, etc 1999
270 ## - ADDRESS
Address संत कृपाल सिंह मार्ग, विजय नगर
City दिल्ली
Postal code 110009
300 ## - PHYSICAL DESCRIPTION
Extent 74पृ.
Dimensions 20सेमी(सजिल्द)
650 ## - SUBJECT ADDED ENTRY--TOPICAL TERM
Topical term or geographic name as entry element कर्म चक्र
9 (RLIN) 1541
650 ## - SUBJECT ADDED ENTRY--TOPICAL TERM
Topical term or geographic name as entry element सामाजिक -- आचरण
9 (RLIN) 147
650 ## - SUBJECT ADDED ENTRY--TOPICAL TERM
Topical term or geographic name as entry element Action cycle
9 (RLIN) 91538
650 ## - SUBJECT ADDED ENTRY--TOPICAL TERM
Topical term or geographic name as entry element Social - Practices
9 (RLIN) 91539
942 ## - ADDED ENTRY ELEMENTS (KOHA)
Source of classification or shelving scheme Dewey Decimal Classification
Koha item type Hindi Books
Classification part 239.1
Call number suffix कृपाल
Holdings
Withdrawn status Lost status Damaged status Not for loan Home library Current library Date acquired Source of acquisition Cost, normal purchase price Total Checkouts Full call number Barcode Date last seen Date checked out Copy number Cost, replacement price Price effective from Koha item type
        Central Library Central Library 23/09/2015 Cen Lib/Ret 0.00 4 239.1 कृपाल B-058343 12/12/2023 09/12/2023 1 0.00 23/09/2015 Hindi Books

© Delhi Public Library
Hit Counter
free hit counter